000 00518nam a2200193Ia 4500
003 GCL
008 140319s9999 xx 000 0 eng d
020 _a0517093561
040 _aGCL /
_cGCL
082 0 4 _a709.2
_bD E
100 1 _aDEGAS, EDGAR
245 1 0 _aEDGAR DEGAS : PAINTINGS /
_cDEGAS, EDGAR
260 _aنيويورك :
_bWINGS BOOKS ،
_c1993
300 _a46 P
_bILL. ؛
_c15 cm.
650 0 4 _aPAINTING
650 0 4 _aART - HISTORY
650 0 4 _aDEGAS, EDGAR, 1834 - 1917 - CATALOGS
942 _2ddc
_cBK
999 _c4762
_d4762